An Introduction to second language research methods : Design and data
An Introduction to Second Language Research Methods Design and Data (2nd edition) enables classroom teachers to become classroom researchers, and in doing so, to improve their understanding of their teaching.
保存先:
| 第一著者: | |
|---|---|
| フォーマット: | 図書 |
| 言語: | Undetermined |
| 出版事項: |
Berkeley, California
TESL-EJ Publications
2012
|
| 主題: | |
| タグ: |
タグ追加
タグなし, このレコードへの初めてのタグを付けませんか!
|
| Thư viện lưu trữ: | Trung tâm Học liệu Trường Đại học Cần Thơ |
|---|
| LEADER | 00933nam a2200241Ia 4500 | ||
|---|---|---|---|
| 001 | CTU_238413 | ||
| 008 | 210402s9999 xx 000 0 und d | ||
| 082 | |a 418 | ||
| 082 | |b G849 | ||
| 100 | |a Griffee, Dale T. | ||
| 245 | 3 | |a An Introduction to second language research methods : | |
| 245 | 0 | |b Design and data | |
| 245 | 0 | |c Dale T. Griffee | |
| 260 | |a Berkeley, California | ||
| 260 | |b TESL-EJ Publications | ||
| 260 | |c 2012 | ||
| 520 | |a An Introduction to Second Language Research Methods Design and Data (2nd edition) enables classroom teachers to become classroom researchers, and in doing so, to improve their understanding of their teaching. | ||
| 526 | |a Giảng dạy môn Viết tiếng Anh | ||
| 526 | |b SP639 | ||
| 650 | |a Language and languages,Ngôn ngữ học,Research methods | ||
| 650 | |x Study and teaching | ||
| 910 | |a Tuyến | ||
| 980 | |a Trung tâm Học liệu Trường Đại học Cần Thơ | ||